Histoire universelle : Rome, l'Antiquité en Asie orientale, les grandes invasions
Kaydedildi:
| Yazar: | |
|---|---|
| Materyal Türü: | Kitap |
| Dil: | Undetermined |
| Baskı/Yayın Bilgisi: |
Verviers, Belgique
Marabout Université
1963
|
| Konular: | |
| Etiketler: |
Etiketle
Etiket eklenmemiş, İlk siz ekleyin!
|
| Thư viện lưu trữ: | Trung tâm Học liệu Trường Đại học Cần Thơ |
|---|
| LEADER | 00574nam a2200193Ia 4500 | ||
|---|---|---|---|
| 001 | CTU_109535 | ||
| 008 | 210402s9999 xx 000 0 und d | ||
| 082 | |a 930 | ||
| 082 | |b G861 | ||
| 100 | |a Grimberg, Carl | ||
| 245 | 0 | |a Histoire universelle : | |
| 245 | 0 | |b Rome, l'Antiquité en Asie orientale, les grandes invasions | |
| 245 | 0 | |c Carl Grimberg | |
| 260 | |a Verviers, Belgique | ||
| 260 | |b Marabout Université | ||
| 260 | |c 1963 | ||
| 650 | |a History, ancient | ||
| 904 | |i Minh, Q. Hiếu (sửa) | ||
| 980 | |a Trung tâm Học liệu Trường Đại học Cần Thơ | ||